| 000 | 00500 a2200157 4500 | ||
|---|---|---|---|
| 020 | _a1566079683 | ||
| 040 |
_aDLC _bDLC |
||
| 082 | 0 | 0 | _a005.4469 |
| 100 | 1 | _aKorzeniowski, Paul. | |
| 245 | 1 | 0 |
_aWindows NT versus NetWare : an in depth analysis and comparison _cPaul Korzeniowski. |
| 250 | _a1st ed. | ||
| 260 |
_aCharleston, S.C. : _bComputer Technology Research Corp., _c1996. |
||
| 300 |
_avii, 201 p. : _bill. ; _c28 cm. |
||
| 650 | 0 | _aOperating systems (Computers) | |
| 942 |
_cBK _k005.4469 KOR _2ddc |
||
| 999 |
_c6333 _d6333 |
||